أحكام الحكر في التشريع المدني الاردني وقانون المالكين والمستأجرين رقم (5) لسنة 1964 : (رقم التسجيلة. 137190)

تفاصيل مارك
000 -الفاتح
عناصر البيانات ثابتة الطول 00866cam a2200217 i 4500
005 - تاريخ ووقت آخر معاملة
حقل ضبط 20260126093501.0
008 - عناصر البيانات ثابتة الطول
عناصر البيانات ثابتة الطول 250721s2017 jo gr 000 0 ara d
020 ## - الترقيم الدولي المعياري للكتب (ردمك)
الترقيم الدولي المعياري للكتب (ردمك) 9789957594855
082 14 - رقم تصنيف ديوي العشري
رقم التصنيف 346.043
رقم المادة خ ض ر
100 1# - مدخل رئيسي – اسم شخصي
الاسم الشخصي خضره، زكريا
علاقة الشخص بالعمل/ دوره مؤلف.
245 10 - بيان العنوان
العنوان أحكام الحكر في التشريع المدني الاردني وقانون المالكين والمستأجرين رقم (5) لسنة 1964 :
بقية العنوان دراسة مقارنة /
بيان المسؤولية المحامي زكريا محمد خضره.
250 ## - بيان الطبعة
بيان الطبعة الطبعة الأولى.
264 31 - بيانات النشر، التوزيع…إلخ
مكان النشر، التوزيع...إلخ عمان :
اسم الناشر، الموزع...إلخ دار الجنان للنشر والتوزيع،
تاريخ النشر، التوزيع...إلخ 2017.
300 ## - الوصف المادي
عدد الوحدات المكونة للوعاء 54 صفحة.
650 17 - مدخل إضافي بالموضوع - مصطلح موضوعي
مصطلح موضوعي أو اسم جغرافي كعنصر مدخل القانون المدني.
650 17 - مدخل إضافي بالموضوع - مصطلح موضوعي
مصطلح موضوعي أو اسم جغرافي كعنصر مدخل الملكية.
650 17 - مدخل إضافي بالموضوع - مصطلح موضوعي
مصطلح موضوعي أو اسم جغرافي كعنصر مدخل الممتلكات.
650 17 - مدخل إضافي بالموضوع - مصطلح موضوعي
مصطلح موضوعي أو اسم جغرافي كعنصر مدخل الأردن.
942 ## - بيانات إضافية (كوها)
نوع التنصيف Dewey Decimal Classification
نوع المادة (كوها) كتب
المقتنيات
حالة السحب حالة الفقدان مصدر التصنيف حالة التلف غير قابل للإعارة المكتبة الرئيسية المكتبة الحالية موقع الرف تاريخ التزويد الرقم المتسلسل Total Checkouts رقم الإستدعاء الباركود تاريخ آخر ظهور تاريخ الفاتورة نوع المادة (كوها)
    Dewey Decimal Classification     المكتبة المركزية المكتبة المركزية الإعارة 28/07/2025 1681030   346.043 / خ ض ر PLD00419910 28/07/2025 28/07/2025 كتب
    Dewey Decimal Classification     مكتبة أبو علندا العامة مكتبة أبو علندا العامة الإعارة 28/08/2018 1681039   346.043/خضر PLD00428617 28/07/2025 28/08/2018 كتب
    Dewey Decimal Classification     مكتبة أم قصير والمقابلين العامة مكتبة أم قصير والمقابلين العامة الإعارة 28/08/2018 1681035   346.043/خضر PLD00428613 28/07/2025 28/08/2018 كتب
    Dewey Decimal Classification     مكتبة الاميرة بديعة مكتبة الاميرة بديعة الإعارة 28/08/2018 1681037   346.043/خضر PLD00428615 28/07/2025 28/08/2018 كتب
    Dewey Decimal Classification     مكتبة الجويدة مكتبة الجويدة الإعارة 28/08/2018 1681034   346.043/خضر PLD00428612 28/07/2025 28/08/2018 كتب
    Dewey Decimal Classification     مكتبة الحسن العامة مكتبة الحسن العامة الإعارة 28/08/2018 1681036   346.043/خضر PLD00428614 28/07/2025 28/08/2018 كتب
    Dewey Decimal Classification     مكتبة حمزة العامة مكتبة حمزة العامة الإعارة 28/08/2018 1681033   346.043/خضر PLD00428611 28/07/2025 28/08/2018 كتب
    Dewey Decimal Classification     مكتبة صويلح العامة مكتبة صويلح العامة الإعارة 28/08/2018 1681038   346.043/خضر PLD00428616 28/07/2025 28/08/2018 كتب
Implemented & Customized by: BBB with SCIT (Smart Chains for Information Technology)

Powered by Koha